000 00398nam a22001577a 4500
005 20250925145503.0
008 250925b |||||||| |||| 00| 0 eng d
020 _a007068376X
050 _aSF 105
_b LEG
100 _aLEGATES J E
245 _aBREEDING AND IMPROVEMENT OF FARM ANIMALS
250 _a8TH
260 _aNEW YORK
_bMCGRAW-HILL, INC
_c1990
300 _axii, 342p
942 _2lcc
_cBK
_n0
999 _c7728
_d7728